=LDR 00000nam 2200000 4500 =001 NUTBA000000000003422 =005 20170112113607.0 =006 =007 =008 =020 ##$$a 978-979-29-3422-9 =035 ##$$0010-081400000000267 =040 ##$$a NBPDMAT =082 ##$$a 520.076 =090 ##$$a 520.076 $b Est e =100 ##$$a Estein Yazid =245 ##$$a Ekstra matematika untuk SMA/MA kelas x / $c Estein Yazid ; editor, Westriningsih =260 ##$$a Yogyakarta : $b Andi, $c 2013 =300 ##$$a viii, 278 hlm. ; $c 23 cm. =650 ##$$a Matematika SMA - Studi dan Pengajaran =700 ##$$a Westriningsih =850 ##$$a NBPDMAT =990 ##$$a 21404682 =990 ##$$a 2090100605/BPAP-NTB/2015